000 00449nam a2200169Ia 4500
001 66736
008 150514s9999 xx 000 0 und d
020 _a0743252527
040 _cPK-LaUMT
082 _a 158.1
_bCOV-S
100 _aCovey, Sean
245 4 _aThe 7 habits of highly effective teenagers
_bthe ultimate teenage success guide
_cCovey, Sean
260 _aLondon,UK:
_bSchuster,
_c1998
300 _a272 p.
546 _aEN
942 _cBK
999 _c71573
_d71573